|
|
|
|
| LEADER |
00000nam a2200000 a 4500 |
| 001 |
UCY0431 |
| 003 |
CL-VaPUC |
| 008 |
940801e19930000CL |||||||||||||||||spa|d |
| 082 |
0 |
4 |
|a 370.71
|b SEL
|2 21
|
| 100 |
0 |
|
|a Selame, Teresita
|e author
|9 328135
|
| 245 |
1 |
0 |
|a Perfil profesional del técnico moderno: saberes y roles
|
| 300 |
|
|
|a 90 p
|
| 942 |
|
|
|c BK
|
| 945 |
|
|
|d 19940801 00:00:00
|a rbrito
|
| 260 |
|
|
|a Santiago
|b CIDE
|c 1993
|
| 650 |
|
0 |
|a Formación profesional de profesores
|9 307493
|
| 583 |
|
|
|a last modification
|c 19940801 00:00:00
|k Rodrigo Vera
|
| 999 |
|
|
|c 229431
|d 229429
|
| 952 |
|
|
|0 0
|1 0
|4 0
|6 370_710000000000000_SEL_1993
|7 0
|8 A
|9 230539
|a BIBEDU
|b BIBEDU
|c ES_NOD
|d 2019-11-15
|i 2998602
|o 370.71 SEL 1993
|p 2998602
|r 2023-08-09
|w 2019-11-15
|y BK
|k EDU
|